| 000 | 00993nam a22002657a 4500 | ||
|---|---|---|---|
| 008 | 130420b xxu||||| |||| 00| 0 eng d | ||
| 020 | _a81-7649-190-0 | ||
| 037 |
_a725 _fbooks |
||
| 040 |
_aMawlana Bhashani Science and Technology University Library _dMawlana Bhashani Science and Technology University Library |
||
| 082 |
_222 _a808.042 _b20 |
||
| 100 | _aBently, T J | ||
| 245 | _aReport Writing in Business the effective communication of information | ||
| 250 |
_a1st edition _b1st edition |
||
| 260 |
_aNew Delhi _bVinodvasishtha _c2001 |
||
| 300 | 1 |
_a13cm _a7.5cm _cBooks _fHard _g13 cm |
|
| 440 |
_v1 _xnone |
||
| 500 | _aThis books is English Language books | ||
| 505 | _tThe Effective Communication of Information | ||
| 521 | _bBuy | ||
| 526 | _cBsc, Msc, Bss,BA students | ||
| 650 | _2The Effective communication of information | ||
| 700 | _cThe Effective communication of information | ||
| 270 |
_aVinodvasishtha, New Delhi, India _bNew Delhi _dIndia |
||
| 942 |
_2ddc _cBK _kBE _mR |
||
| 999 |
_c158 _d158 |
||